000 00589nam a22001577a 4500
003 OSt
005 20151101105028.0
008 151101b xxu||||| |||| 00| 0 eng d
040 _cRUA
082 _aFOR ជឹម 1990 B115 Or.1
100 _93128
_aជឹម, ឡា
245 _aការរៀបចំបច្ចេកទេសប្រមូលផលពោត ដោយម៉ាស៊ីនកាំបែ សេកា"នីវ៉ា" នៅស្ថានីយ៍បន្ទាយដែក
260 _aPhnom Penh
_bRUA
_c1990
300 _a125p.
_bill.
_c29cm.
942 _2ddc
_cFOR
999 _c2917
_d2917